000 00570nam a2200181 4500
001 148012
003 ES-MaACL
005 20230906202400.0
007 t|
008 070214s1967 sp r ||||1| cat d
100 1 _aStewart, Sidney J.
_9108193
245 1 0 _aDoneu-nos el dia d'avui
_b: histáoria d'una captivitat /
_cSudney [sic] J. Stewart ; [traducció de Josep Vallverdú].
250 _a[1ª ed.].
260 _a[Barcelona] :
_bEstela,
_c[1967]
300 _a240 p. ;
_c17 cm.
700 1 _aVallverdú, Josep.
_9112965
852 _aES-MaACL
_jC-34292
_bR.64861
999 _c148012
_d148012